Put the Alphabet Back in The US Presidents Surnames - Statistics

General Stats
  • This quiz has been taken 6 times
  • The average score is 21 of 24
Answer Stats
Hint Explanation Answer % Correct
H Buchanan Bucanan
100%
E Garfield Garfild
100%
N Harding Hardig
100%
D Madison Maison
100%
J Johnson Ohnson
100%
K Polk Pol
100%
G Grant Rant
100%
F Taft Tat
100%
P Trump Trum
100%
B Bush Ush
100%
M Adams Adas
80%
C Carter Arter
80%
V Cleveland Cleeland
80%
O Coolidge Colidge
80%
I Eisenhower Esenhower
80%
S Hayes Haye
80%
W Wilson Ilson
80%
X Nixon Nion
80%
R Pierce Piece
80%
A Reagan Regan
80%
T Truman Ruman
80%
Y Taylor Talor
80%
U Van Buren Van Bren
80%
L Fillmore Filmore
60%
No matching quizzes found
Score Distribution
Percent of People with Each Score
Percentile by Number Answered
Your Score History
You have not taken this quiz